000 00322 a2200157 4500
001 182839
020 _a
040 _cMagnum
100 _aPellegrini, Domingos
240 1 0 _aOs meninos crescem
_lpor
245 1 0 _aOs meninos crescem
300 _a245
362 0 _a1987
697 _aLITERATURA GERAL
942 _cBK
999 _c182839
_d182839